Bauelemente der Elektronik : Eigenschaften und Anwendung

Gespeichert in:
Bibliographische Detailangaben
1. Verfasser: Rumpf, Karl-Heinz (Verfasst von)
Format: Buch
Sprache:Deutsch
Veröffentlicht: Berlin : VEB, 1986
Ausgabe:12. bearbeite Aufl.
Tags: Tag hinzufügen
Keine Tags, Fügen Sie das erste Tag hinzu!

MARC

LEADER 00000nam a22000003a 4500
001 stu85271
005 20150617225629.1
008 040324s1986------------------------ger-d
040 |a STU  |b slo 
041 0 |a ger 
080 |a 621.382 
100 1 |a Rumpf, Karl-Heinz  |4 aut 
245 1 |a Bauelemente der Elektronik :  |b Eigenschaften und Anwendung 
250 |a 12. bearbeite Aufl. 
260 |a Berlin :  |b VEB,  |c 1986 
300 |a 376 s 
996 |b E60367  |c E*60367  |l EE05  |s P  |a 0  |w stu85271_0001